00727 a2200205 4500020001000000035001300010037004300023082000600066090001500072100002600087245005500113260004000168270008800208300002300296490002600319500002500345942002100370999001500391952011500406 c75.00 aB-211042 bRP-PV-4 / PANSY-07-08:5 / RP-07-08:ENG14aN c3754d37541 aGardner, Erle Stanley1 aThe case of the Empty Tincby Erle Stanley Gardner aBangalorebMaster Mind Booksc2006r aNo. 25, Vasan Towers, Dr. TCM Royan Raode560053k080-26705679mvasanbks@bgl.net.in a224 pc18 cm (pbk) aA perry mason mystery aThis is reprint 2006 adplcENkN / GAR c3676d3676 00102ddc40718FICaZLSbZLSg75.00l0oN GARpB-211042r2008-09-15 00:00:00t1u3912v75.00w2008-09-15yEN